| Tag |
First Indicator |
Second Indicator |
Subfields |
| LEADER |
00000cam a22000001 4500 |
| 001 |
in00000064163 |
| 005 |
20151008051205.0 |
| 008 |
731212s1966 maub b 00010 eng |
| 010 |
|
|
|a 66023471
|
| 035 |
|
|
|a (OCoLC)00236715
|
| 035 |
|
|
|9 AAG6333AM
|
| 040 |
|
|
|a DLC
|c DLC
|d TXA
|d UtOrBLW
|
| 043 |
|
|
|a a-ii---
|
| 049 |
|
|
|a TXAM
|c [462810]
|
| 050 |
0 |
0 |
|a HD9526.I62
|b J6
|
| 082 |
1 |
|
|a 338.476691420954
|
| 092 |
|
|
|a 338.476691
|b J71s
|
| 100 |
1 |
|
|a Johnson, William Arthur,
|d 1936-
|
| 245 |
1 |
4 |
|a The steel industry of India /
|c [by] William A. Johnson.
|
| 264 |
|
1 |
|a Cambridge :
|b Harvard University Press,
|c 1966.
|
| 300 |
|
|
|a xv, 340 pages :
|b maps. ;
|c 22 cm.
|
| 336 |
|
|
|a text
|b txt
|2 rdacontent
|
| 337 |
|
|
|a unmediated
|b n
|2 rdamedia
|
| 338 |
|
|
|a volume
|b nc
|2 rdacarrier
|
| 504 |
|
|
|a Bibliography: pages 311-326.
|
| 650 |
|
0 |
|a Steel industry and trade
|z India.
|
| 999 |
|
|
|a MARS
|
| 999 |
f |
f |
|s 81dff32f-13bb-3539-9496-ff88cec963fe
|i 46d37cee-e433-3543-a589-a14f65df794e
|t 0
|
| 952 |
f |
f |
|p ric
|a Texas A&M University
|b Rellis Campus
|c Joint Library Facility
|d Remote Storage
|t 0
|e HD9526.I62 J6
|h Library of Congress classification
|i unmediated -- volume
|m A14800766124
|
| 998 |
f |
f |
|a HD9526.I62 J6
|t 0
|l Remote Storage
|